Available copies
- 1 of 1 copy available at LARL/NWRL Consortium. (Show)
- 1 of 1 copy available at Lake Agassiz Regional Library.
Current holds
0 current holds with 1 total copy.
Show Only Available Copies
| Location | Call Number / Copy Notes | Barcode | Shelving Location | Status | Due Date |
|---|---|---|---|---|---|
| Moorhead Public Library | Y HEA (Text) | 33500011018165 | Main | Available | - |
Record details
- ISBN: 9780545512664 (hardcover)
- ISBN: 0545512662 (hardcover)
- Physical Description: 245 p. ; 22 cm.
- Edition: 1st American ed.
- Publisher: New York : Scholastic Press, 2013.
Content descriptions
| General Note: | Originally published: Sydney : Pan MacMillan Australia, 2008. |
| Summary, etc.: | Fifteen-year-olds Ashley and Benjamin are planning ... Read More |
Search for related items by subject
| Subject: | Thieves > Juvenile fiction. Theft > Juvenile fiction. Assassins > Juvenile fiction. Robbers and outlaws > Fiction. Stealing > Fiction. Assassins > Fiction. |
| LDR | 01543cam a22004098a 4500 | ||
|---|---|---|---|
| 001 | 153119 | ||
| 003 | LARL_NWRL_CONSORTIUM | ||
| 005 | 20130605085754.0 | ||
| 008 | 130225s2013 nyu d 000 1 eng c | ||
| 010 | . | ‡a2013004005 | |
| 020 | . | ‡a9780545512664 (hardcover) | |
| 020 | . | ‡a0545512662 (hardcover) | |
| 035 | . | ‡a(OCoLC)795009496 | |
| 040 | . | ‡aNJQ/DLC ‡beng ‡cZQP ‡dDLC ‡dYDXCP ‡dBTCTA ‡dBDX ‡dFOLLT ‡dOCLCO | |
| 042 | . | ‡apcc ‡alcac | |
| 050 | 0 | 0. | ‡aPZ7.H3478 ‡bMon 2013 |
| 082 | 0 | 4. | ‡a[Fic] ‡223 |
| 100 | 1 | . | ‡aHeath, Jack, ‡d1986- ‡0(LARL_NWRL_CONSORTIUM)215282 |
| 245 | 1 | 0. | ‡aMoney run / ‡cJack Heath. |
| 250 | . | ‡a1st American ed. | |
| 260 | . | ‡aNew York : ‡bScholastic Press, ‡c2013. | |
| 300 | . | ‡a245 p. ; ‡c22 cm. | |
| 500 | . | ‡aOriginally published: Sydney : Pan MacMillan Australia, 2008. | |
| 520 | . | ‡aFifteen-year-olds Ashley and Benjamin are planning the heist of a lifetime, but they are not counting on a hit man who has plans of his own. | |
| 650 | 0. | ‡aThieves ‡vJuvenile fiction. | |
| 650 | 0. | ‡aTheft ‡vJuvenile fiction. ‡0(LARL_NWRL_CONSORTIUM)175564 | |
| 650 | 0. | ‡aAssassins ‡vJuvenile fiction. | |
| 650 | 1. | ‡aRobbers and outlaws ‡vFiction. | |
| 650 | 1. | ‡aStealing ‡vFiction. | |
| 650 | 1. | ‡aAssassins ‡vFiction. ‡0(LARL_NWRL_CONSORTIUM)163322 | |
| 948 | . | ‡hNO HOLDINGS IN LAL - 187 OTHER HOLDINGS | |
| 994 | . | ‡aZ0 ‡bLAL | |
| 901 | . | ‡a153119 ‡bOCLC ‡c153119 ‡tbiblio | |

Add to basket
Permalink
Enable Highlighting